Pochvovedenie ; posobie dlia prakticheskikh zaniatii. Dopushcheno v kachestve ucheb. posobiia dlia fakultetov agrokhimii i pochvovedeniia i agronomicheskikh.
Guardado en:
| Autor Principal: | |
|---|---|
| Formato: | Libro |
| Idioma: | Russian |
| Publicado: |
Moskva :
Gos. Izd-vo selkhoz. lit-ry,
1959.
|
| Series: | Uchebniki i uchebnye posoviia dlia vysshikh selskokhoziaistvennykh uchebnykh zavedenii
|
| Materias: | |
| Etiquetas: |
Agregar Etiqueta
Sin Etiquetas, Sea el primero en etiquetar este registro!
|
| LEADER | 00828cam a22002051 4500 | ||
|---|---|---|---|
| 001 | EEA.libagro010686 | ||
| 008 | 810903s1959####ru#a#####b####000#0#rusr# | ||
| 005 | 20211227100015.0 | ||
| 245 | 1 | 0 | |a Pochvovedenie ; |b posobie dlia prakticheskikh zaniatii. Dopushcheno v kachestve ucheb. posobiia dlia fakultetov agrokhimii i pochvovedeniia i agronomicheskikh. |
| 260 | |a Moskva : |b Gos. Izd-vo selkhoz. lit-ry, |c 1959. | ||
| 300 | |a 320 p. : |b il. ; |c 21 cm. | ||
| 490 | 0 | |a Uchebniki i uchebnye posoviia dlia vysshikh selskokhoziaistvennykh uchebnykh zavedenii | |
| 504 | |a Bibliografía: p. 312-[314] | ||
| 100 | 1 | |a Nikolskii, N. N. |q (Nikolai Nikolaevich) | |
| 082 | 0 | 4 | |a 631.4 |
| 650 | 0 | |a Soils |x Analysis. | |
| 010 | |a 61022082 | ||
| 040 | |a DLC |c WaU |d WaU |d DLC | ||
| 050 | 0 | 0 | |a S593 |b .N5 |
| 859 | |a AR-BbBCA |b BIB. AGRONOMIA |h 631.4 |i N693 |p 1966/0182 | ||
